The self-monitoring primary school
Αποθηκεύτηκε σε:
| Άλλοι συγγραφείς: | , |
|---|---|
| Μορφή: | Βιβλίο |
| Γλώσσα: | English |
| Δημοσίευση: |
London :
Routledge,
1997
|
| Σειρά: | Educational management series
|
| Θέματα: | |
| Ετικέτες: |
Προσθήκη ετικέτας
Δεν υπάρχουν, Καταχωρήστε ετικέτα πρώτοι!
|
MARC
| LEADER | 00000nam a2200000 i 4500 | ||
|---|---|---|---|
| 001 | 1/18357 | ||
| 008 | 010314s1997 eng d | ||
| 020 | |a 0-415-14817-0 | ||
| 035 | |l 10066465 | ||
| 040 | |a GR-MY-UA |b gre |e aacr | ||
| 041 | 0 | |a eng | |
| 082 | 0 | |a 379.154 | |
| 245 | 1 | 4 | |a The self-monitoring primary school / |c edited by Pearl White, Cyril Poster |
| 260 | |a London : |b Routledge, |c 1997 | ||
| 300 | |a 142 p. | ||
| 490 | 1 | |a Educational management series | |
| 650 | 0 | 0 | |a Monitorial system of education |z Great Britain. |
| 650 | 0 | 0 | |a Educational tests and measurements |z Great Britain. |
| 650 | 0 | 0 | |a Education, Elementary |x Evaluation |z Great Britain. |
| 650 | 0 | 0 | |a Educational evaluation |z Great Britain. |
| 650 | 0 | 0 | |a Education and state |z Great Britain. |
| 700 | 1 | |a White, Rearl. |4 edt | |
| 700 | 1 | |a Poster, Cyril. |4 edt | |
| 830 | 0 | |a Educational management series | |
| 852 | |a INST |b RHODES |e 20010612 |h 371.2 SEL |p 005400012040 |q 005400012040 |t BK |y 0 | ||
| 852 | |a INST |b RHODES |e 20010314 |h 371.2 SEL |p 005400016331 |q 005400016331 |t BK |y 0 | ||
| 901 | |a BIBL4-1999-3 | ||
| 909 | |a Ρ |b 068152 | ||
| 909 | |a Ρ |b 086730 | ||
| 922 | |a 4ΕΛΗ |b 199908 |c ΚΠΣ/154 |d GLORY BOOKS | ||
| 950 | |a 154-1999-07-22 | ||
| 970 | |a ΚΟΥΛΑΚΙΟΤΗ |b ΛΙΤΣΑ |z 1999/10/12 | ||